• 首页
  • 本馆介绍
  • 公告通知
  • 最新文献
  • 馆藏检索
  • 电子资源
  • 读者导购
  • 参考咨询
  • 我的图书馆
  • 登录
  • 详细信息显示
  • 放入我的书架
  • 预约/预借图书
  • 作者相关作品
  • 分类相关作品
  • 丛书相关作品
  • 出版社相关作品

书目信息

  • 表格格式
  • 工作单格式
  • 卡片格式
题名:
创造技法的理论与应用
    
 
作者: 李小平 著
分册:  
出版信息: 武汉   湖北教育出版社  2002
页数: 298页
开本: 20cm
丛书名: 创造教育丛书
单 册:
中图分类: G305 , G40-05
科图分类:
主题词: 创造学--概论 , 创造教育--概论 , 创造学 , 创造教育
电子资源:
ISBN: 7-5351-3313-4
000 00934oam2 2200301 450
001 1530464105
005 20150201105015.56
010    @a7-5351-3313-4@dCNY16.00
100    @a20021202d2002 em y0chiy0110 ea
101 0  @achi
102    @aCN@b420000
105    @ay z 000yy
200 1  @a创造技法的理论与应用@9chuang zao ji fa de li lun yu ying yong@f李小平著
210    @a武汉@c湖北教育出版社@d2002
215    @a298页@d20cm
225 2  @a创造教育丛书
308    @a丛书第二辑
330    @a本书内容包括创造技法研究的历史演进,创造的方法论思想,创造技法的心理学基础,科学家创造发明的案例及分析,创造技法与大学创造教育等。
461  0 @12001 @a创造教育丛书
606 0  @a创造学@x概论
606 0  @a创造教育@x概论
606 0  @a创造学
606 0  @a创造教育
690    @aG305@v5
690    @aG40-05@v5
701  0 @a李小平@9li xiao ping@c(高等教育专业博士)@4著
801  0 @aCN@bTSSF@c20150201
905    @aZUCC@dG305@eJY11
    
    创造技法的理论与应用/李小平著.-武汉:湖北教育出版社,2002
    298页;20cm.-(创造教育丛书)
    
    
    ISBN 7-5351-3313-4:CNY16.00
    本书内容包括创造技法研究的历史演进,创造的方法论思想,创造技法的心理学基础,科学家创造发明的案例及分析,创造技法与大学创造教育等。
●
相关链接 在E读中查询图书 在五车中查询图书 在当当中查询图书 在豆瓣中查询图书


正题名:创造技法的理论与应用     索取号:G305/JY11         预约/预借

序号 登录号 条形码 馆藏地/架位号 状态 备注
1 7846866   278468668   学院路分馆/ [索取号:G305/JY11] 在馆    
2 7859336   278593363   学院路分馆/ [索取号:G305/JY11] 在馆    
唐山师范学院图书馆 欢迎您!
大连网信软件有限公司© 版权所有